000 00281nam a22001217a 4500
008 190227b xxu||||| |||| 00| 0 eng d
041 _aeng
080 _a616.8
100 _a7
101 _aNEU
245 _aThe Critically III Neurosurgical Patient
_cNikas,D.L
942 _2udc
_cBK
999 _c54339
_d54339